EMA ako strategický nástroj pre zvyšovanie podnikovej výkonnosti

Vymedzenie pojmu environmentálne manažérske účtovníctvo (EMA). Rozdelenie EMA. Sledovanie environmentálnych nákladov. Základné metódy EMA. MFCA a tradičné nákladové účtovníctvo.

Salvato in:
Dettagli Bibliografici
Autore principale: Krištanová, Anna
Altri autori: Dugas, Jaroslav, 1967-, Bosák, Martin, 1967-, Tarča, Alexander
Natura: Capitolo di libro
Lingua:slovacco
Soggetti:
Tags: Aggiungi Tag
Nessun Tag, puoi essere il primo ad aggiungerne!!

MARC

LEADER 00000naa a2200000 4500
001 0252388
005 20240502074039.7
041 0 |a slo 
044 |a SK 
245 1 0 |a EMA ako strategický nástroj pre zvyšovanie podnikovej výkonnosti  |c Anna Krištanová, Jaroslav Dugas, Martin Bosák, Alexander Tarča 
520 |a Vymedzenie pojmu environmentálne manažérske účtovníctvo (EMA). Rozdelenie EMA. Sledovanie environmentálnych nákladov. Základné metódy EMA. MFCA a tradičné nákladové účtovníctvo. 
610 2 0 |a prostredie podnikateľské 
610 2 0 |a prostredie životné 
610 2 0 |a náklady ekologické 
610 2 0 |a účtovníctvo ekologické 
610 2 0 |a účtovníctvo manažérske 
100 1 |a Krištanová, Anna 
700 1 |a Dugas, Jaroslav, 1967- 
700 1 |a Bosák, Martin, 1967- 
700 1 |a Tarča, Alexander